000 00859nam a2200253Ia 4500
003 OSt
005 20220923211203.0
006 a|||||r|||| 00| 0
007 ta
008 Pun
020 _a81897654236 (hbk)
_c295
024 _a284,538
037 _b936, 23/03/2015, H.K. Prakashan
_cTextual
040 _aARTS
_cARTS
_bPun
041 _2Pun
_aPun
082 _aO153,3:g, Q4
100 _aਕਿਰਨਜੀਤ ਕੌਰ
_9159309
245 0 _aਪਰਵਾਸੀ ਪੰਜਾਬੀ ਨਾਵਲ
_b ਪਾਰ ਸਭਿਆਚਾਰ ਸੰਵਾਦ
260 _aਦਿੱਲੀ
_b ਮਨਪ੍ਰੀਤ ਪ੍ਰਕਾFਨ
_c2014
300 _a132ਪੰ
_ccm.
650 _aਪੰਜਾਬੀ ਸਾਹਿਤ
942 _hO153,3:g, Q4
_cTEXL
_2CC
999 _c296531
_d296531